| 000 | 00418nam a22001577a 4500 | ||
|---|---|---|---|
| 008 | 230511b |||||||| |||| 00| 0 eng d | ||
| 040 |
_aNational Science Library _cNational Science Library |
||
| 080 |
_a575 _bK8 |
||
| 100 | _aStrickberger, Monroe W | ||
| 245 | _aGenetics | ||
| 260 |
_aNew York: _bThe Macmillan Company, _c1968 |
||
| 300 | _a868p. | ||
| 650 | _aScience | ||
| 653 | _aBiology | ||
| 942 |
_2udc _cBK |
||
| 999 |
_c29503 _d29503 |
||